000 00808nam a2200265Ia 4500
003 OSt
005 20221005105420.0
006 a|||||r|||| 00| 0
007 ta
008 221004b |||||||| |||| 00| 0 hin d
024 _a23889
037 _cTextual
040 _aCRL
_cCRL
_bhin
041 _2hin
_ahin
082 _aO152,1N49x, N6
100 _aकिशोर कुमार
245 0 _aअश्क
246 _aAshka
260 _aनई दिल्ली
_bपुलिंका प्रकाशन भारत
_c1996
300 _a96पृ0
_ccm.
650 _a हिन्दी साहित्य
650 _aहिन्दी कविता
942 _hO152,1N49x, N6
_cTEXL
_2cc
999 _c1015751
_d1015751